Εσωτερικός και εξωτερικός έλεγχος ανωνύμων εταιρειών : - εφαρμογές - πρακτικά θέματα

Αποθηκεύτηκε σε:
Λεπτομέρειες βιβλιογραφικής εγγραφής
Κύριος συγγραφέας: Παπαδάτου, Θεοδώρα
Άλλοι συγγραφείς: Νικολοπούλου, Δήμητρα
Μορφή: Βιβλίο
Γλώσσα:Greek
Δημοσίευση: Αθήνα, Θεσσαλονίκη : Σάκκουλας, c2001
Θέματα:
Ετικέτες: Προσθήκη ετικέτας
Δεν υπάρχουν, Καταχωρήστε ετικέτα πρώτοι!

MARC

LEADER 00000nam a2200000 i 4500
001 1/48747
008 070905s2001 gre d
020 |a 960-301-576-8 
035 |l 10089000 
040 |a GR-MY-UA  |b gre  |e aacr 
041 0 |a gre 
082 0 |a 657.45  |2 (22) 
100 1 |a Παπαδάτου, Θεοδώρα. 
245 1 0 |a Εσωτερικός και εξωτερικός έλεγχος ανωνύμων εταιρειών :  |b - εφαρμογές - πρακτικά θέματα /  |c Θεοδώρα Παπαδάτου ; επιμέλεια: Δήμητρα Νικολοπούλου 
260 |a Αθήνα, Θεσσαλονίκη :   |b Σάκκουλας,   |c c2001 
300 |a 103 σ.;  |b διαγ., πίν.;  |c 24 εκ. 
500 |a Το τεύχος αυτό συνοδεύει το σύγγραμα "ο εσωτερικός και ο εξωτερικός έλεγχος των ανωνύμων εταιρειών" και αφορά πρακτικές εφαρμογές πάνω σε αυτά τα δύο είδη ελέγχου. 
650 0 0 |a Auditing. 
650 0 0 |a Auditing, Internal. 
700 1 |a Νικολοπούλου, Δήμητρα. 
852 |a INST  |b CHIOS  |e 20070720  |h 657.45 ΠΑΠ  |p 005200026031  |q 005200026031  |t BK  |y 0 
901 |a BIBL2-2007-3 
909 |a Χ  |b 135961 
922 |a 2ΕΛΗ  |b 200707  |c ΕΠΕΑΕΚ2/ΤΔΕ  |d ΠΑΤΑΚΗΣ 
970 |a ΒΑΡΦΗΣ  |b ΒΑΓΓΕΛΗΣ  |z 2007/09/05